Wales - Statistics

General Stats
  • This quiz has been taken 19 times
  • The average score is 9 of 20
Answer Stats
Hint Answer % Correct
Capital city Name Cardiff
100%
Daffodil
89%
Saint Saint David
89%
Name of the inhabitants The Welsh
89%
Colour Red
78%
River Taff
78%
Population 3 million
67%
Nicknames Cymru
56%
Symbols Flower Leek
56%
Taffy
44%
Motfo in welsh Cymru am byth
33%
Cambria
22%
Buildings Cardiff Castle
22%
Welshman/ Welshwoman
22%
Population 488.000
11%
Landmark Conwy Castle
11%
Dai
11%
Llandaff Cathedral
11%
in english Long Lives Wales
11%
Animal The Dragon of Cadwallader
11%
No matching quizzes found
Score Distribution
Percent of People with Each Score
Percentile by Number Answered
Your Score History
You have not taken this quiz